000 00762nam a22002057a 4500
999 _c19565
_d19565
003 AR-CdUCM
008 190518b ||||| |||| 00| 0 spa d
040 _aMUNICIPALIDAD PROVINCIAL DEL CUSCO
_cBIBLIOTECA MUNICIPAL DEL CUSCO
082 _a101 /
_bH22
100 _aHartman, Robert S,
_940980
245 _aLa estructura del valor :
_bFundamentos de la axiologia científica /
260 _aMéxico :
_bFondo de cultura económica,
_c1959.
300 _a334 páginas ;
_c22 cm.
505 _aContenido: El concepto de la ciencia axiologica -- Ética filosófica y ética científica -- La estructura de la ciencia ...
650 _aCiencia
_92098
650 _aFilosofía
_9395
650 _aValor
_96474
942 _2ddc
_cLIBROS
945 _arah
_d2019-05-18